| 000 | 01283nam a2200265Ia 4500 | ||
|---|---|---|---|
| 999 |
_c39299 _d39299 |
||
| 001 | 5885 | ||
| 003 | GE_BSU | ||
| 005 | 20191028161849.0 | ||
| 008 | 181216s2012||||ge |||||||||||||| ||geo|| | ||
| 020 | _a9789941047237 | ||
| 040 | _cGE_BSU | ||
| 041 | _ageo | ||
| 080 | _a75(479.223)(084.1) ი-53 | ||
| 245 |
_aინაიშვილი ხასან=Hasan Inaishvili 1942-2009 : _bალბომი / _cპროექტის ავტორი გიორგი ჯანბერიძე. |
||
| 264 |
_aბათუმი : _bსეზანი, _c2012. |
||
| 300 |
_a60 გვ.; _b30 სმ. |
||
| 490 | _aაჭარის თანამედროვე მხატვრობა | ||
| 500 | _aტექსტი ქართ. და ინგლ. | ||
| 653 | _a ქართველი მხატვრების ნამუშევრების ალბომები; | ||
| 653 | _aქართული სახვითი ხელოვნება; | ||
| 700 |
_a ჯანბერიძე, გიორგი _95039 |
||
| 710 |
_aაჭარის ა/რ მთავრობა; _95040 |
||
| 710 |
_a აჭარის განათლ., კულტ. და სპორტის სამინ. _95041 |
||
| 942 |
_cBK _2udc |
||